| 000 | 00800nam a2200217Ia 4500 | ||
|---|---|---|---|
| 003 | GCL | ||
| 008 | 140319s9999 xx 000 0 ara d | ||
| 040 |
_aGCL / _cGCL |
||
| 082 | 0 | 4 |
_a956.903 _bم ت |
| 100 | 1 | _aمؤسسة الدراسات الفلسطينية | |
| 245 | 1 | 0 |
_aتطور العقيدة العسكرية الاسرائيلية خلال 25 عاما : ترجمات مختارة من مصادر عبرية / _cمؤسسة الدراسات الفلسطينية |
| 700 | 1 | _aمحمود سويد (اشراف) | |
| 700 | 1 | _aسمير صبور (اعداد) | |
| 260 |
_a[S.N] : _bمؤسسة الدراسات الفلسطينية ، _c1983 |
||
| 300 | _a160 ص | ||
| 490 | _a | ||
| 650 | 0 | 4 | _aالعصر الحديث |
| 650 | 0 | 4 | _aتاريخ |
| 650 | 0 | 4 | _aاسرائيل |
| 942 |
_2ddc _cBK |
||
| 999 |
_c55952 _d55952 |
||